Tujuh puluh dosa besar (Record no. 97954)

MARC details
000 -LEADER
fixed length control field 00660nam a2200241 i 4500
001 - CONTROL NUMBER
control field C2-0293172
003 - CONTROL NUMBER IDENTIFIER
control field PPAK
005 - DATE AND TIME OF LATEST TRANSACTION
control field 20180728025110.0
008 - FIXED-LENGTH DATA ELEMENTS--GENERAL INFORMATION
fixed length control field 090120s2007 my |||| ||||| | may d
020 ## - INTERNATIONAL STANDARD BOOK NUMBER
International Standard Book Number 9830987809 ; 97870980987804
040 ## - CATALOGING SOURCE
Original cataloging agency PPAK
Language of cataloging eng
Transcribing agency PPAK
Description conventions rda
082 04 - DEWEY DECIMAL CLASSIFICATION NUMBER
Classification number 297.5
Edition number 23
090 00 - LOCALLY ASSIGNED LC-TYPE CALL NUMBER (OCLC); LOCAL CALL NUMBER (RLIN)
Classification number (OCLC) (R) ; Classification number, CALL (RLIN) (NR) 297.5
Feature heading AZZ
Feature heading G
100 0# - MAIN ENTRY--PERSONAL NAME
Personal name Az-Zahabi,
Titles and words associated with a name Imam
Relator term author
245 10 - TITLE STATEMENT
Title Tujuh puluh dosa besar
264 #1 - PRODUCTION, PUBLICATION, DISTRIBUTION, MANUFACTURE, AND COPYRIGHT NOTICE
Place of production, publication, distribution, manufacture Batu Caves, Selangor :
Name of producer, publisher, distributor, manufacturer Pustaka Ilmi ,
Date of production, publication, distribution, manufacture, or copyright notice [2007]
300 ## - PHYSICAL DESCRIPTION
Extent xxv, 561 pages ;
Dimensions 21 cm
336 ## - CONTENT TYPE
Source rdacontent
Content type term text
337 ## - MEDIA TYPE
Source rdamedia
Media type term unmediated
338 ## - CARRIER TYPE
Source rdacarrier
Carrier type term volume
650 10 - SUBJECT ADDED ENTRY--TOPICAL TERM
Topical term or geographic name entry element Islamic ethics
942 ## - ADDED ENTRY ELEMENTS (KOHA)
-- dc
Koha item type Book
Holdings
Withdrawn Not for loan Current library Shelving location Date acquired Full call number Barcode Date last seen Koha item type Total Checkouts Date last checked out Total Renewals
    Perpustakaan Alor Setar Pinjaman Dewasa 17/02/2009 297.5 AZZ A01273585 17/07/2019 Book 3 11/07/2019  
    Perpustakaan Alor Setar Pinjaman Dewasa 23/02/2009 297.5 AZZ A01275053 15/09/2022 Book 5 27/08/2022 1
    Perpustakaan Awam Sungai Petani Pinjaman Dewasa 17/02/2009 297.5 AZZ A01273586 17/02/2024 Book 2 06/01/2024 1
    Perpustakaan Baling Pinjaman Dewasa 23/02/2009 297.5 AZZ A01275057 15/03/2025 Book 2 15/02/2025  
    Perpustakaan Jitra Pinjaman Dewasa 17/02/2009 297.5 AZZ A01273587 30/10/2021 Book 1 04/05/2021  
    Perpustakaan Jitra Pinjaman Dewasa 23/02/2009 297.5 AZZ A01275055 09/05/2018 Book      
    Perpustakaan Kulim Pinjaman Dewasa 17/02/2009 297.5 AZZ A01273588 09/05/2018 Book      
    Perpustakaan Kulim Pinjaman Dewasa 23/02/2009 297.5 AZZ A01275056 20/03/2023 Book 2 28/02/2023  
    Perpustakaan Merbok Pinjaman Dewasa 29/01/2009 297.5 AZZ A01270982 09/05/2018 Book      
    Perpustakaan Merbok Pinjaman Dewasa 09/02/2009 297.5 AZZ A01271895 09/05/2018 Book      
    Bergerak 4, Sungai Petani Pinjaman Dewasa 23/02/2009 297.5 AZZ A01275054 09/05/2018 Book